01498cam a2200289 a 450000100100000000500170001000800410002702000150006804000230008308200240010610000440013024501010017426000320027530000210030744000410032850000380036952004290040765000160083665000440085265100390089665000290093570000380096491000340100291000300103695201270106699900150119300000279320251112115145.0960830s1999 sp 001 0 spa d a8437614163 aDO-SdBNPcDLCdDLC a985.01bG216c, 19991 aVega, Garcilaso de lad1539-1616.9882110aComentarios reales :bselección /cInca Garcilaso de la Vega ; edición, Enrique Pupo-Walker. aMadrid :bCátedra,c1999. a314 p. ;c18 cm. 0aLetras hispánicas ;vno. 41094208 aEdición de Enrique Pupo- Walker1 a"Excellent introduction to the life and works of Garcilaso de la Vega that includes a superb analysis of classic and contemporary critical studies. Representative selections taken from Diálogos de amor, La Florida, the Comentarios reales and Historia general del Perú. Complete index to latter two works included as an appendix. Highly recommended"--Handbook of Latin American Studies, v. 58. |u http://www.loc.gov/hlas/ 4aIncas98822 0aIndígenas de América del Sur 96752 4aPerúxHistoriayHASTA 154893124 4aLiteratura peruana931401 aPupo-Walker, Enrique ;eed.98823 aCatalogación por copia / LC aJornada de catalogación 001052708MOaGRbGRcHDd2009-07-06iLF1l0o985.01 G216c, 1999p2793-10r2020-06-25w2020-06-25y2ZPréstamo interno c2627d2627